000 00478nam a2200181Ia 4500
005 20250326142152.0
008 250326s9999 xx 000 0 und d
037 _aTextbook
040 _aFMSL
_beng
_cFMSL
041 _aeng
_2eng
084 _aXy7 M3
_qFMSL
100 _aEichner A S
245 0 _aWhy economics is not yet a science
_cEichner A S
260 _aUSA
_bUSA, MacMillan
_c1983
300 _a263p
942 _cTB
_hXy7 M3
999 _c1293757
_d1293757